| 000 | 00408nam a2200145Ia 4500 | ||
|---|---|---|---|
| 008 | 231129s2000||||xx |||||||||||||| ||spa|| | ||
| 020 | _a970-15-0295-7 (v.1 | ||
| 040 | _bspa | ||
| 082 | _a620.82 M741e | ||
| 100 | _aMondelo Pedro R. | ||
| 245 | 0 | _aErgonomía | |
| 260 | _c2000 | ||
| 264 | _aMéxico : Alfaomega : Univesitat Politécnica de Catalunya | ||
| 942 |
_2ddc _cBKS |
||
| 999 |
_c13280 _d13280 |
||